000 00196 a2200097 4500
001 48857
100 _aChurba
245 _aSoviet breakout
260 _aWash
_bBrasseys
_c
090 _c31752
_d31752
942 _aNUST-CAE
_cM
_c24172
999 _c283930
_d283930